Kế toán kỹ nghệ : Năm 2 /

সংরক্ষণ করুন:
গ্রন্থ-পঞ্জীর বিবরন
প্রধান লেখক: Ngô Đình Long.
বিন্যাস: Sách giấy
ভাষা:Vietnamese
প্রকাশিত: Đà Lạt : Viện Đại học Đà Lạt, 1967.
ট্যাগগুলো: ট্যাগ যুক্ত করুন
কোনো ট্যাগ নেই, প্রথমজন হিসাবে ট্যাগ করুন!
Thư viện lưu trữ: Thư viện Trường Đại học Đà Lạt
LEADER 00643nam a2200277 4500
001 DLU140162982
005 ##20140813
040 # # |a DLU  |b vie 
041 # # |a vie 
044 # # |a vn 
082 # # |a 657.867  |b NG-L 
100 # # |a Ngô Đình Long. 
245 # # |a Kế toán kỹ nghệ :  |b Năm 2 /  |c Ngô Đình Long. 
260 # # |a Đà Lạt :  |b Viện Đại học Đà Lạt,  |c 1967. 
300 # # |a 156 tr. ;  |c 26 cm. 
923 # # |a TL 
991 # # |a GT 
992 # # |a 234 
994 # # |a DLU 
900 # # |a True 
911 # # |a Nguyễn Huyền Anh 
925 # # |a G 
926 # # |a A 
927 # # |a SH 
980 # # |a Thư viện Trường Đại học Đà Lạt